| Tag |
First Indicator |
Second Indicator |
Subfields |
| LEADER |
00000cam a2200000 a 4500 |
| 001 |
in00000899751 |
| 005 |
20150923162357.0 |
| 007 |
hd afv---baca |
| 007 |
hd bfv---baaa |
| 008 |
841106r19831670miu a 00010 eng d |
| 035 |
|
|
|a (OCoLC)11353893
|
| 035 |
|
|
|9 AEM2188AM
|
| 037 |
|
|
|a CL0037000051
|b University Microfilms International
|
| 037 |
|
|
|b University Microfilms International, 300 N. Zeeb Rd., Ann Arbor, MI 48106
|
| 040 |
|
|
|a EAK
|c EAK
|d UMI
|d m/c
|d UtOrBLW
|
| 049 |
|
|
|a TXAI
|
| 090 |
|
|
|a BV4813
|b .R36 1670
|
| 099 |
|
|
|a film
|a B
|a 3609
|
| 100 |
1 |
|
|a Ranew, Nathanael,
|d 1602?-1678.
|
| 245 |
1 |
0 |
|a Solitude improved by divine meditation, or, A treatise proving the duty and demonstrating the necessity, excellency, usefulness, natures, kinds and requisites of divine meditation /
|c first intended for a person of honour, and now published for general use by Nathanael Ranew.
|
| 264 |
|
3 |
|a London :
|b Printed by J.M. for Nathanael Ranew and Jonathon Robinson ...,
|c MDCLXX.
|
| 300 |
|
|
|a 14 unnumbered pages, 383 pages
|
| 336 |
|
|
|a text
|b txt
|2 rdacontent
|
| 337 |
|
|
|a microform
|b h
|2 rdamedia
|
| 338 |
|
|
|a microfilm reel
|b hd
|2 rdacarrier
|
| 500 |
|
|
|a Reproduction of original in the Bodleian Library.
|
| 510 |
4 |
|
|a Wing
|c R248.
|
| 533 |
|
|
|a Microfilm.
|b Ann Arbor, Mich. :
|c University Microfilms International,
|d 1983.
|e 1 microfilm reel ; 35 mm.
|f (Early English books, 1641-1700 : 1468:9)
|
| 500 |
|
|
|a Microform.
|
| 650 |
|
0 |
|a Meditation
|x Early works to 1800.
|
| 740 |
2 |
|
|a A treatise proving the duty and demonstrating the necessity ... of divine meditation.
|
| 830 |
|
0 |
|a Early English books, 1641-1700 ;
|v 1468:9.
|
| 999 |
|
|
|a MARS
|
| 999 |
f |
f |
|s 038b69e3-90e2-3a17-98bd-7d75951bb8d5
|i f0c0acca-6945-3883-b34e-13058f388666
|t 0
|
| 952 |
f |
f |
|p default
|a Texas A&M University
|b College Station
|c Sterling C. Evans Library
|d Evans: Microforms (3rd floor)
|t 0
|e film B 3609 1468:9
|h Other scheme
|i microform -- microfilm reel
|
| 998 |
f |
f |
|a film B 3609 1468:9
|t 0
|l Evans: Microforms (3rd floor)
|